China’s two identities (Registro nro. 326221)

Detalles MARC
000 -ENCABEZADO
Número de control [NR] 01207nam a22002537a 4500
005 - FECHA Y HORA DE LA ÚLTIMA TRANSACCIÓN
control field 20260406145853.0
008 - DE LONGITUD FIJA DE DATOS DE ELEMENTOS - INFORMACIÓN GENERAL
Elementos de longitud fija [NR] 260327b ||||| |||| 00| 0 eng d
020 ## - NUMERO INTERNACIONAL NORMALIZADO PARA LIBROS [R]
Número Internacional Normalizado del libro [NR] 9789819728824
040 ## - FUENTE DE CATALOGACION [NR]
Agencia de catalogación original [NR] CO-BoUCM
Idioma de catalogación [NR] spa
Quien Cataloga Sandra Palacio
Quien Clasifica Sandra Palacio
041 ## - CODIGO DE IDIOMA [R]
Código de idioma para texto/pista de sonido o título separado [R] Inglés
100 ## - ASIENTO PRINCIPAL--NOMBRE PERSONAL [NR]
Nombre personal [NR] Tudoroiu, Theodor
ID Autoridad 188497
245 ## - MENCION DE TITULO [NR]
Título [NR] China’s two identities
Parte restante del título [NR] territorial empire and postmodern global power
Mención de responsabilidad, etc. [NR] Theodor Tudoiu
246 ## - FORMA VARIANTE DEL TITULO [R]
Título propiamente dicho/forma breve del título [NR] Chinas two identities
260 ## - PUBLICACION, DISTRIBUCION, ETC. (PIE DE IMPRENTA) [R]
Lugar de publicación, distribución, etc. [R] Singapore
Nombre del editor, distribuidor, etc. [R] Springer Nature Singapore
Fecha de publicación, distribución, etc. [R] 2024
300 ## - DESCRIPCION FISICA [R]
Extensión [R] viii, 272 páginas
Otros detalles físicos [NR] ilustraciones
504 ## - NOTA DE BIBLIOGRAFIA, ETC. [R]
Nota de bibliografía, etc. [NR] Incluye referencias bibliográficas
520 ## - NOTA DE RESUMEN, ETC. [R]
Nota de sumario, etc. [NR] naliza la dualidad de la política exterior de China, contrastando su identidad como imperio territorial con su rol como potencia global posmoderna, utilizando un marco teórico constructivista para explicar sus acciones en el orden internacional contemporáneo.
650 #4 - ASIENTO SECUNDARIO DE MATERIA - TERMINO TEMATICO [R]
Término temático o nombre geográfico como elemento de entrada [NR] Relaciones internacionales
Subdivisión geográfica [R] China
9 (RLIN) 36033
650 #4 - ASIENTO SECUNDARIO DE MATERIA - TERMINO TEMATICO [R]
Término temático o nombre geográfico como elemento de entrada [NR] Geopolítica
Subdivisión geográfica [R] China
9 (RLIN) 188498
651 #4 - ASIENTO SECUNDARIO DE MATERIA - NOMBRE GEOGRAFICO [R]
Nombre geográfico [NR] China
Subdivisión general [R] Política y gobierno
Subdivisión geográfica [R] Siglo XXI
9 (RLIN) 188499
651 #4 - ASIENTO SECUNDARIO DE MATERIA - NOMBRE GEOGRAFICO [R]
Nombre geográfico [NR] Islas Salomón
Subdivisión general [R] Relaciones exteriores
Subdivisión geográfica [R] China
9 (RLIN) 188500
942 ## - ELEMENTOS DE ENTRADA AGREGADOS (KOHA)
Sistema de clasificación DEWEY
Tema principal Ciencia política
Tipo de ítem principal el descrito en 300a Libro
Edición 1
Clasificación 327.51
Parte restante de la signatura top. T912c
Existencias
Fecha de último préstamo Total préstamos Total Renewals Signatura topográfica Código de barras Última vez visto Ejemplar Price effective from Tipo de ítem Perdido Sistema de clasificación Dañado No prestable Tipo de ítem específico Suprimido Ubicación habitual Ubicación actual Localización Fecha de creación Forma de adquisición Costo
10/04/2026 1 1 327.51 T912c 100175057 22/05/2026 Ej.1 27/03/2026 Libro   DEWEY     Libro   Claustro Claustro 3er piso 27/03/2026 Compra 88680.00